000 00579nam a2200193Ia 4500
003 GCL
008 140319s9999 xx 000 0 ara d
040 _aGCL /
_cGCL
082 0 4 _a928
_bش م
100 1 _aعبده الراجحى
245 1 0 _aمحمد بن دريد وكتابة الجمهرة /
_cعبده الراجحى
700 1 _aشرف الدين على الراجحى
260 _a[S.N] :
_bدار المعرفة الجامعية ،
_c1985
300 _a343 ص
490 _a
650 0 4 _aالادباء
650 0 4 _aمحمد بن دريد
942 _2ddc
_cBK
999 _c39937
_d39937